Top 5 Songs On Dawn FM (The Weeknd) - Statistics

General Stats
  • This quiz has been taken 29 times
    21 since last reset
  • The average score is 4 of 5
Answer Stats
Hint Answer % Correct
297,825,050 Sacrifice
100%
285,334,284 Out Of Time
92%
110,003,043 Take My Breath
92%
292,084,845 Is There Someone Else?
83%
162,658,954 Less Than Zero
75%
No matching quizzes found
Score Distribution
Percent of People with Each Score
Percentile by Number Answered
Your Score History
You have not taken this quiz since the last reset